| 000 | 01509nam a2200349 c 4500 | ||
|---|---|---|---|
| 003 | BLK | ||
| 005 | 20220409155142.0 | ||
| 008 | 180413b bul|||||r ||||||| ||bul|| | ||
| 010 | _aKNG00018042000 | ||
| 020 |
_a954-05-0349-3 _bиздат.: Земиздат |
||
| 040 | _aBLK | ||
| 041 |
_aBUL _cBUL |
||
| 080 |
_aРибовъдство _b639.3 _x.045(035) _z639.3.045(035) |
||
| 100 | 1 |
_aНиколов, Георги Антонов _eпърви автор _9260922 |
|
| 700 | 1 |
_aОблакова, Магдалена Георгиева _eсъавт. _9260923 |
|
| 139 |
_aНиколов, Георги Антонов и др. _bН 74 |
||
| 245 | 1 | 0 |
_aАквариумни рибки _cГеорги Антонов Николов; съавт. Магдалена Георгиева Облакова. |
| 257 | _aBGR | ||
| 260 |
_аСофия _bЗемиздат _c1996 |
||
| 300 |
_a112 с. _bс ил., табл., 8 л. цв. ил. _c20 см |
||
| 380 | _a63 | ||
| 500 | _aОфс. изд. - 3 000 тир. | ||
| 650 | 4 |
_aАквариуми - наръчници и ръководства _9257315 |
|
| 650 | 4 |
_aРиби, декоративни - развъждане и отглеждане - наръчници и ръководства _9257316 |
|
| 650 | 4 |
_aАквариумни растения - наръчници и ръководства _9260924 |
|
| 653 | _aриби | ||
| 852 | _aЦб 190565 | ||
| 856 | 4 |
_qpdf _u |
|
| 856 | 4 |
_qpdf _u |
|
| 942 |
_cKNG _n0 _01 |
||
| 944 |
_aCR _c15.01.2003 _kAB_DOS |
||
| 944 |
_aED _c29.12.2016 _kСилвестър_Спасов |
||
| 999 |
_c16195 _d16195 |
||